000 01017nam a2200265Ia 4500
003 OSt
005 20221002050335.0
006 a|||||r|||| 00| 0
007 ta
008 220930b |||||||| |||| 00| 0 hin d
020 _a9789381358092 (hbk)
_cIndian Rupees 4800
024 _a38960
037 _bGift, 30/08/2018,
_cReference Collections
040 _aCRL
_cCRL
_bhin
041 _2hin
_ahin
082 _aO152,3:g(V255)k, Q7.1-.6(RR)
100 _aचौबे, संतोष, संपा.
245 0 _aकथा मध्यप्रदेश
260 _aमध्य
_bप्रदेश विश्व कला केन्द्र भारत केन्द्र
_c2017
490 _vखण्ड 1
650 _a हिन्दी आलोचना
650 _aहिन्दी कहानी
942 _hO152,3:g(V255)k, Q7.1-.6(RR)
_cref
_2CC
999 _c914377
_d914377